01707nam a2200289 4500001000700000003000900007005001700016008004100033020002200074080001900096080001900115080001100134245013000145250001200275260006400287300002200351490001400373520074600387650004801133650003301181651002901214700003301243700003401276710004001310830001401350852005301364179148ES-MaACL20250428063008.0110919s2008 sp |||| | spa d a978-84-96860-93-3 a28:008(4)(091) a316.72(4)(091) a008(4)03aLa identidad de Europa b: tradición clásica y modernidad / cDalmacio Negro Pavón, Pablo Sánchez Garrido (editores). a1ª ed. aMadrid : bFundación Universitaria San Pablo CEU, c2008. a406 p. ; c21 cm.1 aCEU ; v1 aBajo el subtitulo Tradición clásica y modernidad, los trabajos reunidos en este libro son el resultado de varios seminarios en torno a la esencia o identidad de Europa y su relación con el cristianismo. Los seminarios tuvieron lugar durante los cursos 2005-2007 en el Instituto CEU de Humanidades Ángel Ayala, en la Universidad CEU San Pablo. Esta publicación se puede resumir en tres partes. La primera estudia importantes jalones de historia actual. La segunda aborda cuestiones de historia del pensamiento. La tercera versa sobre arte y literatura. Cada una va precedida por una enjundiosa introducción de autoridad a cargo de Luis Suárez Fernández, Enrique Martín López y José Luis Varela Iglesias, respectivamente. 7aCristianismo y cultura-zEuropa-vHistoria.07aIdentidad cultural-zEuropa. 7aEuropa-xCivilización.0 aNegro Pavón, Dalmacioeaut1 aSánchez Garrido, Pabloeaut2 aFundación Universitaria San Pablo0 aCEU ; v1 aES-MaACLbR.146362jA-11530dOlim: N-4534cDEPO1